Questions-réponses sur Granville - Statistiques

Statistiques générales
  • Ce quiz a été pris 34 fois
  • Le résultat moyen est 9 sur 20
Statistiques - réponses
Questions Réponses % Correct
Mer qui borde Granville. La Manche
100%
Région dans laquelle se situe Granville. La Normandie
97%
Monument situé à environ 45 kilomètres au sud-ouest de Granville qui donne son nom à la baie qui borde la station. Le Mont-Saint-Michel
97%
Chapelet d'îles, territoire d'outre-mer britannique, dont l'île la plus proche est située à environ 65 kilomètres au large de Granville mais il existe une liaison par bateau depuis Granville. Les Îles anglo-normandes
83%
Chapelet d'îles situé à environ 15 kilomètres au large de Granville et appartenant à la commune. Les Îles Chausey
73%
Surnom de Granville dérivé du gouvernorat de la famille précédente : la "_____ du Nord". Monaco
67%
Ville située à vingt-cinq kilomètres au sud-est de Granville, ville bombardée par les Alliés en date du 7 juin 1944 (155 tués et plus de 5 000 sinistrés). Saint Aubert, évêque de cette ville au VIIe et VIIIe siècle, a donné au précédent le nom d'un archange dont il a vu une apparition. Avranches
63%
Ville située à environ 28 km au nord-est de Granville, ville qui subit plusieurs bombardements alliés en juin 1944, faisant 300 victimes. Ville connue pour sa Cathédrale Notre-Dame et pour son festival "Jazz sous les pommiers". Coutances
57%
Espèce et "produit d'exception" appartenant à la famille de mollusques précédente. En terme de tonnage, c'est l'espèce la plus souvent débarquée à la criée de Granville (en 2023). La coquille Saint-Jacques
50%
Insurgés royalistes qui assiégèrent Granville en 1793. Les Vendéens
37%
Île canadienne sur les grands bancs de laquelle le Marité allait jadis pêcher la morue (de 1924 à 1929). Construit en 1921, le Marité était jusqu'en 2023 l'un des derniers morutiers de ce type, trois-mats goélette, encore en navigation. Granville est son port d'attache. Il est maintenant en cale sèche, attaqué par un champignon parasite. Terre-Neuve
37%
Dans le patois granvillais (à ne pas confondre avec le patois de la région), le verbe « achitrer » signifie « asséner un coup de ___ » Poing
33%
Voilier de pêche typique de la baie (voir question #3), considéré comme le voilier de pêche le plus toilé de France. Le nom serait dérivé du terme basque "Biscaya". Le modèle "La Granvillaise" a été reconstruit en 1990. La bisquine
23%
Cinéaste jadis étiqueté "Nouvelle Vague" qui tourna quelques scènes de son film "Pauline à la plage" (1983) à Granville. Éric Rohmer
20%
Romancier français qui séjourna à Granville en 1829 et évoqua le siège de Granville par les précédents (réponse #14) dans son roman "Le Réquisitionnaire", publié en 1831. Honoré de Balzac
20%
Acteur connu pour sa prestation dans "Les Enfants du marais" de Jean Becker (1999), né à Granville en 1957. Jacques Gamblin
20%
Famille de mollusques comestibles pourvus d'une coquille. Granville est le premier port de pêche français pour ce type de mollusques. Le coquillage
17%
Famille princière d'Europe qui eut la charge de gouverneur de Granville de 1715 à 1790. Les Grimaldi
17%
Coureur cycliste basque français, rapide au sprint et champion du monde en 1959, qui remporta à Granville, la première du Tour de France 1957. André Darrigade
3%
Campagne militaire des précédents qui les menèrent de leur territoire à Granville dans l'espoir de trouver des renforts britanniques : "la Virée de _____". Galerne
3%
Aucun quiz correspondant
Distribution des résultats
% des personnes avec chaque résultat
Percentile par nombre de réponses
Votre historique - résultats
Vous n’avez pas pris ce quiz